| 000 | 00892cam a2200241 4500 | ||
|---|---|---|---|
| 001 | 000007648 | ||
| 005 | 20200929154239.0 | ||
| 008 | 690602s1969 nyuabch b 001 0 eng d | ||
| 040 |
_aDO-SdBNP _cDLC _dDLC _dBNPHU |
||
| 082 |
_aNNNN _bS913m |
||
| 245 | 0 | 4 |
_aThe mainstream of civilization / _cJoseph R. Strayer [and others]. |
| 260 |
_aNew York ; _aChicago ; _aSan Francisco ; _aAtlanta : _bHarcourt, Brace & World, _c1969. |
||
| 300 |
_axxii, 870 p. : _billus. (part col.), facsims. (part col.), maps (part col.), ports. ; _c25 cm. |
||
| 504 | _aIncludes bibliographical references. | ||
| 500 | _aIncludes Index | ||
| 650 | 0 |
_aCivilization _xHistory. _921213 |
|
| 700 | 1 |
_aStrayer, Joseph Reese, _d1904-1987. _921214 |
|
| 700 | 1 |
_aGatzke, Hans W., _921215 |
|
| 700 | 1 |
_aHarbison, E. Harris, _921216 |
|
| 700 | 1 |
_aDunbaugh, Edwin L., _921217 |
|
| 910 | _aCatalogación derivada | ||
| 049 | _aBNGR | ||
| 999 |
_c7428 _d7428 |
||